000 00544nam a2200181Ia 4500
001 16088
005 20260306170244.0
008 260306t2006||||xx |||||||||||||| ||und||
041 _aESP
082 _a346.6
_bM96
100 _aMuñiz Argüelles, Luis
_eAUT
245 0 _aLas cláusulas modificativas de la responsabilidad contractual:
_bestudio comparado de las normas españolas, francesas y estadounidenses
260 _c2006
300 _axviii, 290 páginas :
_c22 cm.
650 _aGEN
654 _aCDE
942 _cLIB
_dJUS
_fJUS
_2ddc
_n
999 _c16088
_d16088